[Event "SM-gruppen"]
[Site "Skara"]
[Date "2002.07.09"]
[Round "9"]
[White "Brynell, Stellan"]
[Black "Eriksson, Johan"]
[Result "1-0"]
[WhiteElo "2506"]
[BlackElo "2426"]
[Board "3"]
[WhiteCountry "SWE"]
[BlackCountry "SWE"]

1. e4 e5 2. Nf3 f5 3. Nxe5 d6 4. Qh5+ g6 5. Nxg6 Nf6 6. Qh4 Nc6 7. Nxh8 Nd4
8. Bc4 Bg7 9. Nf7 Qe7 10. O-O Nxc2 11. Nc3 Nxa1 12. Qg3 Kf8 13. d3 b5 14. 
Bh6 Bxh6 15. Nxh6 bxc4 16. Rxa1 cxd3 17. Nxf5 Bxf5 18. exf5 d2 19. Qe3 Qxe3
20. fxe3 Rb8 21. b3 Re8 22. Kf2 Ng4+ 23. Ke2 Nxe3 24. Kxd2 Nxg2 25. Nb5 Re5
26. Nxa7 Rxf5 27. a4 Rf2+ 28. Kc3 Rf3+ 29. Kb4 c5+ 30. Kb5 Rxb3+ 31. Kc6 c4
32. Nb5 c3 33. a5 c2 34. Rc1 Ne1 35. a6 Rb1 36. a7 Rxc1 37. a8=Q+ Kg7 38. 
Qa7+ Kg6 39. Qg1+ Kh5 40. Nd4 Ra1 41. Nxc2 Nxc2 42. Qg7 Rc1 43. Qxh7+ Kg4 
44. Qe4+ Kg5 45. h4+ 1-0

[Event "SM-gruppen"]
[Site "Skara"]
[Date "2002.07.09"]
[Round "9"]
[White "Hector, Jonny"]
[Black "Eriksson, Jonas"]
[Result "1/2-1/2"]
[WhiteElo "2513"]
[BlackElo "2280"]
[Board "4"]
[WhiteCountry "SWE"]
[BlackCountry "SWE"]

1. e4 Nf6 2. Nc3 d5 3. e5 Ne4 4. Nce2 f6 5. d3 Ng5 6. Bxg5 fxg5 7. h4 g4 8.
Nf4 g6 9. g3 Bh6 10. Nge2 Nc6 11. d4 Bf5 12. Bg2 Nb4 13. O-O c6 14. a3 Na6
15. c4 e6 16. b4 Nc7 17. b5 O-O 18. bxc6 bxc6 19. Qa4 Qe8 20. Rac1 Rf7 21.
Rc3 Rd8 22. Rfc1 Be4 23. Bxe4 dxe4 24. Qc2 Bxf4 25. gxf4 Qe7 26. Qxe4 Qxh4
27. Kg2 c5 28. Rg3 cxd4 29. Rh1 Qe7 30. Nxd4 Qc5 31. Ne2 Ne8 32. Rxg4 Ng7 
33. Rg3 Rd2 34. Rd3 Rxd3 35. Qxd3 Qc6+ 36. f3 Rd7 37. Qe4 Qxe4 38. fxe4 Rd2
39. Kf2 Nh5 40. Ke3 Ra2 41. Rc1 Rxa3+ 42. Kd4 Ra2 43. Nc3 Rb2 44. c5 Rb4+ 
45. Kd3 Nxf4+ 46. Ke3 g5 47. Na2 Rb3+ 48. Nc3 Rb4 49. Na2 Rb3+ 50. Nc3 Rb4
1/2-1/2

[Event "SM-gruppen"]
[Site "Skara"]
[Date "2002.07.09"]
[Round "9"]
[White "Barkhagen, Jonas"]
[Black "Vernersson, Per"]
[Result "1-0"]
[WhiteElo "2455"]
[BlackElo "2394"]
[Board "5"]
[WhiteCountry "SWE"]
[BlackCountry "SWE"]

1. c4 c5 2. Nc3 b6 3. Nf3 Bb7 4. g3 Bxf3 5. exf3 Nc6 6. Bg2 g6 7. h4 h5 8.
f4 Bg7 9. Qa4 Qc8 10. a3 a5 11. O-O Nh6 12. Nd5 Rb8 13. Rb1 e6 14. Re1 Nf5
15. Ne3 Nfd4 16. f5 gxf5 17. d3 f4 18. Nd5 f3 19. Bf1 f5 20. Qd1 Kf7 21. 
Nf4 Bf6 22. Nh3 Rg8 23. Bf4 Bxh4 24. Bg2 Bf6 25. Bxf3 h4 26. Bxb8 Qxb8 27.
Bxc6 Nxc6 28. Qh5+ Kf8 29. Qh6+ Bg7 30. Qf4 Be5 31. Qh6+ Bg7 32. Qf4 Ne5 
33. gxh4 Bh6+ 34. Ng5 d6 35. Re3 Qe8 36. Rg3 Ke7 37. Re1 Kd7 38. d4 Bxg5 
39. hxg5 cxd4 40. Qxd4 Kc7 41. Rxe5 dxe5 42. Qxe5+ Kb7 43. b4 axb4 44. axb4
Qe7 45. g6 Qxb4 46. Qxe6 Qb1+ 47. Kg2 Qe4+ 48. Qxe4+ fxe4 49. g7 Kc6 50. 
Rg5 Kd6 51. Kg3 Ke6 52. Kf4 Kf6 53. Rg4 Kf7 54. Kf5 1-0

[Event "SM-gruppen"]
[Site "Skara"]
[Date "2002.07.10"]
[Round "10"]
[White "Eriksson, Jonas"]
[Black "Barkhagen, Jonas"]
[Result "0-1"]
[WhiteElo "2280"]
[BlackElo "2455"]
[Board "2"]
[WhiteCountry "SWE"]
[BlackCountry "SWE"]

1. d4 Nf6 2. c4 g6 3. Nc3 d5 4. Nf3 Bg7 5. cxd5 Nxd5 6. Bd2 Nb6 7. e3 O-O 
8. Be2 Nc6 9. O-O e5 10. dxe5 Nxe5 11. Nxe5 Bxe5 12. f4 Bg7 13. e4 Be6 14.
Be3 Nc4 15. Bxc4 Bxc4 16. Qxd8 Rfxd8 17. Rfd1 b6 18. Rac1 c5 19. e5 Be6 20.
b3 f6 21. exf6 Bxf6 22. Ne4 Bb2 23. Rxd8+ Rxd8 24. Rc2 Bg7 25. Rd2 Rxd2 26.
Nxd2 Bf5 27. Kf2 Kf7 28. h3 Ke6 29. g4 Bc2 30. Ke2 Kd5 31. Bf2 Bc3 32. h4 
b5 33. h5 a5 34. Nf1 Bb1 35. Ne3+ Ke4 36. f5 gxh5 37. gxh5 Bxa2 38. Nd1 Bf6
39. Bg3 Bxb3 40. Nf2+ Kxf5 0-1

[Event "SM-gruppen"]
[Site "Skara"]
[Date "2002.07.10"]
[Round "10"]
[White "Eriksson, Johan"]
[Black "Hector, Jonny"]
[Result "0-1"]
[WhiteElo "2426"]
[BlackElo "2513"]
[Board "3"]
[WhiteCountry "SWE"]
[BlackCountry "SWE"]

1. c4 Nf6 2. Nc3 e5 3. Nf3 Nc6 4. a3 d5 5. cxd5 Nxd5 6. Qc2 Be6 7. e3 Bd6 
8. Bd3 h6 9. O-O Nde7 10. Be2 O-O 11. b4 f5 12. d3 a5 13. b5 Nb8 14. e4 Nd7
15. d4 Kh8 16. Rd1 Qe8 17. dxe5 Nxe5 18. b6 Nxf3+ 19. Bxf3 Be5 20. Bb2 cxb6
21. exf5 Nxf5 22. Qe2 Bf6 23. Nb5 Bb3 24. Rd2 Qxe2 25. Bxe2 Rad8 26. Rxd8 
Rxd8 27. Bxf6 gxf6 28. Rc1 Ba4 29. g3 Rd2 30. Bf1 Rb2 31. Rc8+ Kg7 32. Rc7+
Kf8 33. Na7 Nd6 34. Nc8 Nxc8 35. Rxc8+ Ke7 36. Rc7+ Kd8 37. Rc4 Bc6 38. Rh4
Rb1 39. Rh5 Ra1 40. a4 Bf3 41. Rxh6 Be2 42. Rxf6 b5 43. h4 bxa4 44. h5 a3 
45. h6 a2 46. Rf8+ Ke7 47. h7 Rxf1+ 48. Kg2 Rg1+ 49. Kh2 Rh1+ 0-1

[Event "SM-gruppen"]
[Site "Skara"]
[Date "2002.07.10"]
[Round "10"]
[White "Åkesson, Ralf"]
[Black "Berg, Emanuel"]
[Result "1/2-1/2"]
[WhiteElo "2451"]
[BlackElo "2514"]
[Board "5"]
[WhiteCountry "SWE"]
[BlackCountry "SWE"]

1. d4 f5 2. Nf3 Nf6 3. g3 g6 4. Bg2 Bg7 5. O-O O-O 6. c4 d6 7. Nc3 Qe8 8. 
d5 Na6 9. Rb1 c5 10. e4 fxe4 11. Ng5 Nc7 12. Ngxe4 Nxe4 13. Nxe4 b5 14. Re1
Qf7 15. b3 Rb8 16. Bf4 Bf5 17. Qd2 Rb7 18. Nxc5 dxc5 19. d6 e5 20. dxc7 
Qxc7 21. Bxb7 Qxb7 22. Be3 Bxb1 23. Rxb1 bxc4 24. Qc2 cxb3 25. Rxb3 Qd5 26.
Rd3 Qe6 27. Bxc5 Rc8 28. Rc3 e4 29. Bd4 Rxc3 30. Qxc3 Bxd4 31. Qxd4 Qxa2 
32. Qxe4 Qf7 33. Qe5 h5 34. h3 Qd7 35. Qg5 Kg7 36. Qe5+ Kh7 37. Kh2 a6 38.
Kg2 Qg7 39. Qa5 Qb7+ 40. Kg1 Qb1+ 41. Kg2 Qb5 42. Qc7+ Kg8 43. Qd6 Kf7 44.
Qf4+ Kg7 45. Qc7+ Kf6 46. Qd6+ Kf7 47. Qf4+ Ke6 48. Qe4+ Kf6 49. Qf4+ Qf5 
50. Qd6+ Qe6 51. Qf4+ Kg7 52. Qc7+ Kh6 53. Qc1+ Kg7 54. Qc7+ Qf7 55. Qe5+ 
Qf6 56. Qc7+ Kh6 57. Qc1+ Kg7 58. Qc7+ Qf7 59. Qe5+ Kh7 60. Qc5 Qb7+ 61. 
Kh2 Qd7 62. Qb6 Qc8 63. Qd6 a5 64. Qe7+ Kg8 65. Qd6 Qf5 66. Qd8+ Kf7 67. 
Qc7+ Ke6 68. Qb6+ Kd7 69. Qb7+ Ke6 70. Qb6+ Ke7 71. Qc7+ Ke8 72. Qc6+ Kf8 
73. Qd6+ Kg7 74. Qc7+ Kh6 75. Qc1+ Qg5 76. Qc3 Qd8 77. Qe3+ Kh7 78. Qa7+ 
Kg8 79. Qa6 Kg7 80. Qa7+ Kf6 81. Qa6+ Kg5 82. Qc4 Kh6 83. Qf4+ Kg7 84. Qe5+
Kh7 85. Qb5 Qc7 86. Kg2 Qa7 87. Qa4 Kg7 88. Kg1 Qb6 89. Qa1+ Kf7 90. Qe5 
Qb4 91. Qd5+ Kf6 92. Qc6+ Kf5 93. Qd5+ Kf6 94. Qc6+ Ke7 95. Qxg6 a4 96. 
Qh7+ Kd6 97. Qh6+ Kd7 98. Qh7+ Kc6 99. Qg6+ Kb7 100. Qg7+ Ka6 101. Qg6+ Qb6
102. Qd3+ Qb5 103. Qd6+ Qb6 104. Qd3+ Ka5 105. Qd2+ Qb4 106. Qd5+ Kb6 107.
Qe6+ Kc5 108. Qe5+ Kc4 109. Qe4+ Kc3 110. Qe1+ Kc4 111. Qe4+ Kb5 1/2-1/2

[Event "SM-gruppen"]
[Site "Skara"]
[Date "2002.07.10"]
[Round "10"]
[White "Ahlander, Björn"]
[Black "Wedberg, Tom"]
[Result "0-1"]
[WhiteElo "2419"]
[BlackElo "2540"]
[Board "6"]
[WhiteCountry "SWE"]
[BlackCountry "SWE"]

1. d4 Nf6 2. c4 e6 3. Nc3 Bb4 4. e3 b6 5. Bd3 Bb7 6. Nf3 O-O 7. O-O Re8 8.
Bd2 d6 9. Re1 e5 10. Bc2 Nbd7 11. h3 Bxc3 12. Bxc3 Ne4 13. Bb4 c5 14. Ba3 
f5 15. Nd2 Ndf6 16. f3 Ng3 17. dxe5 Rxe5 18. Nf1 Nxf1 19. Kxf1 Nh5 20. Qd2
Ng3+ 21. Kg1 Re6 22. b3 Rg6 23. Qf2 Qh4 24. Rad1 Re8 25. b4 Bc6 26. bxc5 
bxc5 27. Bb2 Qe7 28. Bc3 h5 29. Bd3 h4 30. Rb1 Re6 31. Bd2 g5 32. Rb3 Rf8 
33. Bc2 g4 34. Bc3 Qg5 35. hxg4 fxg4 36. f4 Qh5 37. Ba1 Qh6 38. Reb1 Ne4 
39. Qe2 h3 40. Bxe4 Bxe4 41. f5 Bxf5 42. Rf1 hxg2 43. Qxg2 Be4 44. Rxf8+ 
Qxf8 45. Qf2 Rh6 46. Qxf8+ Kxf8 47. Kf2 Rh3 48. Rb8+ Kf7 49. Rh8 Rf3+ 50. 
Ke2 g3 51. Rh4 Rf2+ 52. Ke1 Rxa2 53. Rf4+ Kg6 54. Bc3 g2 55. Rg4+ Kf5 56. 
Rg8 a5 0-1

[Event "SM-gruppen"]
[Site "Skara"]
[Date "2002.07.10"]
[Round "10"]
[White "Ernst, Thomas"]
[Black "Cicak, Slavko"]
[Result "1-0"]
[WhiteElo "2471"]
[BlackElo "2537"]
[Board "7"]
[WhiteCountry "SWE"]
[BlackCountry "SWE"]

1. e4 c5 2. Nf3 b6 3. c4 Bb7 4. Nc3 e6 5. Bd3 Nc6 6. O-O Qb8 7. Re1 Nd4 8.
Bf1 Bd6 9. h3 Nxf3+ 10. Qxf3 Ne7 11. Qd1 Bh2+ 12. Kh1 Be5 13. d3 O-O 14. 
Be3 Nc6 15. Qd2 f5 16. f4 Bd4 17. e5 Kh8 18. Nb5 Bxe3 19. Qxe3 a6 20. Nd6 
Nd4 21. Qf2 Bc6 22. Re3 Qd8 23. h4 h6 24. Rh3 g6 25. Re1 Kg7 26. Ree3 g5 
27. hxg5 hxg5 28. fxg5 Rh8 29. Qf4 Qe7 30. g6 Rag8 31. Nf7 Rxh3+ 32. Rxh3 
Kf8 33. Qh6+ Ke8 34. Qh8 Kf8 35. Rh7 f4 36. Qxg8+ Kxg8 37. Nh6+ Kf8 38. 
Rxe7 1-0

[Event "SM-gruppen"]
[Site "Skara"]
[Date "2002.07.11"]
[Round "11"]
[White "Brynell, Stellan"]
[Black "Åkesson, Ralf"]
[Result "1-0"]
[WhiteElo "2506"]
[BlackElo "2451"]
[Board "2"]
[WhiteCountry "SWE"]
[BlackCountry "SWE"]

1. e4 c6 2. d4 d5 3. exd5 cxd5 4. c4 Nf6 5. Nc3 e6 6. Nf3 Bb4 7. Bd3 O-O 8.
O-O dxc4 9. Bxc4 a6 10. a3 Bxc3 11. bxc3 b5 12. Bd3 Bb7 13. a4 Qd5 14. axb5
axb5 15. Rb1 Bc6 16. Re1 Nbd7 17. Qe2 Rfc8 18. Bxb5 Ra2 19. Qf1 Qf5 20. Bd3
Be4 21. Rxe4 Nxe4 22. Qe1 Ndf6 23. Nd2 Qxf2+ 24. Qxf2 Nxf2 25. Kxf2 Kf8 26.
Bb2 Nd5 27. c4 Nb4 28. Ke3 Nxd3 29. Kxd3 Rb8 30. Kc3 Ke8 31. c5 Ra4 32. Nc4
Ke7 33. Nb6 Ra2 34. Kb3 Ra7 35. Re1 Kd8 36. Bc1 Rbb7 37. Bf4 Ra6 38. Be5 
Rba7 39. Re2 Ra1 40. c6 Rb1+ 41. Rb2 Rd1 42. Kc3 Rh1 43. Nc4 Rc1+ 44. Kd3 
1-0

[Event "SM-gruppen"]
[Site "Skara"]
[Date "2002.07.11"]
[Round "11"]
[White "Hector, Jonny"]
[Black "Agrest, Evgenij"]
[Result "1/2-1/2"]
[WhiteElo "2513"]
[BlackElo "2584"]
[Board "3"]
[WhiteCountry "SWE"]
[BlackCountry "SWE"]

1. e4 b6 2. d4 Bb7 3. Bd3 Nf6 4. Qe2 e6 5. Nf3 c5 6. c3 Be7 7. Bg5 h6 8. 
Bh4 d6 9. Nbd2 Nbd7 10. e5 dxe5 11. dxe5 Nd5 12. Bxe7 Nxe7 13. Ne4 O-O 14.
Nd6 Bxf3 15. gxf3 Ng6 16. Bxg6 fxg6 17. Rg1 Qh4 18. Rxg6 Qxh2 19. O-O-O 
Qxe5 20. Qd2 Qf4 21. Qxf4 Rxf4 22. Rdg1 Kh8 23. Rxg7 Ne5 24. Re7 Rg8 25. 
Rxg8+ Kxg8 26. Rxe6 Nd3+ 27. Kc2 Rxf3 28. Rxh6 Nxf2 29. Rg6+ Kf8 30. Re6 a6
31. Nc4 b5 32. Nd2 Kf7 33. Re5 Rf6 34. Rxc5 Ke7 35. Nb3 Ng4 36. Nd4 Kd7 37.
Kb3 Rf2 38. Rc6 Ne5 39. Rxa6 Nd3 40. Ra7+ Kc8 41. Nxb5 Rxb2+ 42. Kc4 Ne5+ 
43. Kc5 Nd7+ 44. Kc6 Nb8+ 45. Kb6 Nd7+ 46. Rxd7 Kxd7 47. a4 Rh2 48. a5 Rh6+
49. Kb7 Rh5 50. c4 Rc5 51. a6 1/2-1/2

[Event "SM-gruppen"]
[Site "Skara"]
[Date "2002.07.11"]
[Round "11"]
[White "Barkhagen, Jonas"]
[Black "Eriksson, Johan"]
[Result "1/2-1/2"]
[WhiteElo "2455"]
[BlackElo "2426"]
[Board "4"]
[WhiteCountry "SWE"]
[BlackCountry "SWE"]

1. d4 Nf6 2. c4 g6 3. Nc3 Bg7 4. e4 d6 5. Be2 O-O 6. Nf3 e5 7. O-O Nc6 8. 
d5 Ne7 9. Ne1 Nd7 10. Nd3 f5 11. Bd2 Nb6 12. b3 fxe4 13. Nxe4 Bf5 14. f3 c6
15. dxc6 Bxe4 16. fxe4 Rxf1+ 17. Qxf1 Nxc6 18. Bg4 Nd4 19. Qf2 Qe7 20. Rc1
Rf8 21. Qe3 h5 22. Bf3 Nd7 23. Nb4 Nc5 24. Nd5 Qd8 25. Rf1 Rf7 26. b4 Nce6
27. Bd1 Rxf1+ 28. Kxf1 Kh7 29. g3 Qc8 30. Qd3 Qf8+ 31. Kg2 Bh6 32. h4 b6 
33. Be3 Bxe3 34. Qxe3 Kg7 35. Qf2 Qd8 36. Qd2 Nc7 37. Nc3 Nce6 38. Nd5 Nc7
39. Nc3 Nce6 40. Nd5 1/2-1/2

[Event "SM-gruppen"]
[Site "Skara"]
[Date "2002.07.11"]
[Round "11"]
[White "Hillarp Persson, Tiger"]
[Black "Eriksson, Jonas"]
[Result "1-0"]
[WhiteElo "2460"]
[BlackElo "2280"]
[Board "5"]
[WhiteCountry "SWE"]
[BlackCountry "SWE"]

1. d4 f5 2. Nc3 d5 3. Bf4 c6 4. e3 Nf6 5. Nf3 g6 6. Bd3 Bg7 7. O-O Be6 8. 
Ne2 Nbd7 9. Rc1 Bf7 10. c4 e6 11. Qb3 Qc8 12. Qa3 h6 13. Bd6 Bf8 14. Bxf8 
Rxf8 15. b4 a6 16. Qb2 Qb8 17. cxd5 exd5 18. a4 Nb6 19. Qc2 Nc4 20. Bxc4 
dxc4 21. a5 Qd6 22. Ne5 Qxb4 23. Rb1 Qe7 24. Nf4 Rg8 25. Nxc4 Bxc4 26. Qxc4
g5 27. Nd3 Rg7 28. Nc5 Ra7 29. Rb3 Ne4 30. Nxe4 Qxe4 31. Rfb1 Qd5 32. Qxd5
cxd5 33. Rb6 h5 34. Rc1 Ra8 35. Rh6 Rd8 36. Rxh5 Rd6 37. Rc8+ Kd7 38. Rc5 
Ke7 39. h4 gxh4 40. Rxf5 Rdg6 41. Rc7+ Ke6 42. Rxg7 Rxg7 43. Rh5 Rc7 44. 
Rxh4 Rc1+ 45. Kh2 Ra1 46. Rh7 Rxa5 47. Rxb7 Ra2 48. Kg3 a5 49. Ra7 a4 50. 
f3 a3 51. Kf4 Ra1 52. g4 a2 53. g5 Kd6 54. g6 Kc6 55. g7 Rg1 56. Rxa2 Rxg7
57. Ra6+ Kb5 58. Re6 Kc4 59. Ke5 Rg5+ 60. Kf6 Rg3 61. f4 Kd3 62. f5 Rf3 63.
Re5 Rh3 64. Ke6 Rh8 65. f6 Kc4 66. f7 Ra8 67. Kf6 1-0

[Event "SM-gruppen"]
[Site "Skara"]
[Date "2002.07.11"]
[Round "11"]
[White "Wedberg, Tom"]
[Black "Vernersson, Per"]
[Result "1-0"]
[WhiteElo "2540"]
[BlackElo "2394"]
[Board "6"]
[WhiteCountry "SWE"]
[BlackCountry "SWE"]

1. e4 c6 2. d4 d5 3. Nd2 dxe4 4. Nxe4 Nd7 5. Bc4 Ngf6 6. Ng5 e6 7. Qe2 Nb6
8. Bd3 h6 9. N5f3 Nbd7 10. Bd2 c5 11. O-O-O cxd4 12. Nxd4 Nc5 13. Bb5+ Bd7
14. Ngf3 a6 15. Bxd7+ Qxd7 16. Rhe1 Be7 17. Kb1 Qc7 18. Nf5 Nce4 19. Nxg7+
Kf8 20. Nh5 Qb6 21. Ka1 Rc8 22. c3 Nxd2 23. Nxd2 Nd5 24. Nc4 Qc7 25. Ne5 
Bd6 26. f4 Bxe5 27. fxe5 Rg8 28. g3 Qc4 29. Qd2 Rg5 30. Nf4 Nxf4 31. gxf4 
Rg4 32. Rf1 Qc6 33. Qd3 Ke7 34. a3 Rcg8 35. Qd4 Rg2 36. h4 a5 37. f5 exf5 
38. Rxf5 R2g4 39. Qf2 R8g7 40. Rf6 Qc7 41. Rfd6 R7g6 42. h5 Rg2 43. Rd7+ 
1-0

[Event "SM-gruppen"]
[Site "Skara"]
[Date "2002.07.11"]
[Round "11"]
[White "Cicak, Slavko"]
[Black "Ahlander, Björn"]
[Result "1-0"]
[WhiteElo "2537"]
[BlackElo "2419"]
[Board "7"]
[WhiteCountry "SWE"]
[BlackCountry "SWE"]

1. e4 e5 2. Nf3 Nc6 3. Bb5 a6 4. Ba4 Nf6 5. d3 b5 6. Bb3 Be7 7. O-O d6 8. 
a4 Rb8 9. axb5 axb5 10. c3 O-O 11. d4 Qe8 12. Re1 Bg4 13. Qd3 Bxf3 14. gxf3
Nh5 15. f4 Nxf4 16. Bxf4 exf4 17. Qf3 Bg5 18. Qg4 Bh6 19. Nd2 Qd8 20. Ra6 
Ne7 21. e5 Kh8 22. exd6 cxd6 23. Qh5 f5 24. Re6 Nc8 25. Bc2 b4 26. c4 Rb7 
27. Ra8 Rbf7 28. Nf3 Rf6 29. Rxf6 Qxf6 30. Qxf5 Qg6+ 31. Kf1 1-0

[Event "SM-gruppen"]
[Site "Skara"]
[Date "2002.07.12"]
[Round "12"]
[White "Vernersson, Per"]
[Black "Cicak, Slavko"]
[Result "0-1"]
[WhiteElo "2394"]
[BlackElo "2537"]
[Board "1"]
[WhiteCountry "SWE"]
[BlackCountry "SWE"]

1. d4 g6 2. e4 Bg7 3. Nc3 c6 4. Nf3 d5 5. h3 e6 6. e5 Ne7 7. Bg5 h6 8. Bf4
b6 9. Qd2 Bb7 10. b4 a5 11. b5 c5 12. Ne2 cxd4 13. Nexd4 Nd7 14. Qe3 g5 15.
Bh2 Qc7 16. Bd3 Qc3+ 17. Ke2 Nc5 18. Nd2 Ng6 19. f3 Nf4+ 20. Bxf4 gxf4 21.
Qxf4 Nd7 22. Nc6 Nxe5 23. Nxe5 Bxe5 24. Qe3 Rg8 25. g4 Qc7 26. Rab1 Bf4 27.
Qd4 e5 28. Qa4 Qc5 29. Nf1 O-O-O 30. Bf5+ Kb8 31. Qb3 e4 32. Rd1 a4 33. 
Qxa4 exf3+ 34. Kxf3 d4+ 35. Be4 Bxe4+ 36. Kxe4 Rge8+ 37. Kxf4 Qe5+ 38. Kf3
Qe2+ 39. Kg3 Qxd1 40. Qb4 Qxc2 41. Rh2 Qd3+ 0-1

[Event "SM-gruppen"]
[Site "Skara"]
[Date "2002.07.12"]
[Round "12"]
[White "Eriksson, Jonas"]
[Black "Wedberg, Tom"]
[Result "0-1"]
[WhiteElo "2280"]
[BlackElo "2540"]
[Board "2"]
[WhiteCountry "SWE"]
[BlackCountry "SWE"]

1. d4 Nf6 2. Nc3 d5 3. Bg5 Nbd7 4. Nf3 g6 5. e3 Bg7 6. Be2 O-O 7. O-O c6 8.
Rb1 a5 9. Ne5 Nxe5 10. dxe5 Nd7 11. f4 f6 12. exf6 exf6 13. Bh4 Re8 14. e4
dxe4 15. f5 Qe7 16. Rf4 g5 17. Rxe4 Ne5 18. Bf2 Bxf5 19. Rd4 Rad8 20. Bh5 
Bg6 21. Bxg6 Nxg6 22. Rxd8 Rxd8 23. Qg4 Ne5 24. Qf5 Qd7 25. Qxd7 Rxd7 26. 
Ne4 h6 27. Nc5 Re7 28. b4 Nc4 29. bxa5 Nxa5 30. a4 f5 31. Kf1 Bc3 32. Be1 
Bxe1 33. Rxe1 Kf7 34. Rb1 Ke8 35. Rb4 Kd8 36. h4 Kc7 37. hxg5 hxg5 38. Kf2
Kd6 39. Nd3 Re4 40. c3 Kd5 41. Kf3 Rc4 42. Rxc4 Kxc4 43. Ne5+ Kxc3 44. Nf7
b5 45. axb5 cxb5 46. Nxg5 b4 47. Ne6 Nb7 48. Ke3 b3 49. Nf4 b2 50. Ne2+ Kc4
0-1

[Event "SM-gruppen"]
[Site "Skara"]
[Date "2002.07.12"]
[Round "12"]
[White "Agrest, Evgenij"]
[Black "Barkhagen, Jonas"]
[Result "1/2-1/2"]
[WhiteElo "2584"]
[BlackElo "2455"]
[Board "4"]
[WhiteCountry "SWE"]
[BlackCountry "SWE"]

1. c4 c5 2. Nf3 Nf6 3. Nc3 Nc6 4. d4 cxd4 5. Nxd4 e6 6. a3 b6 7. e4 Bb7 8.
Nf3 Qc7 9. Be2 a6 10. Bg5 h6 11. Bh4 Nh5 12. O-O g5 13. Bg3 Nxg3 14. hxg3 
g4 15. Nd4 h5 16. Nxc6 Bxc6 17. Qd4 Rh7 18. Nd5 Bxd5 19. exd5 f5 20. Bd3 
O-O-O 21. Qf6 h4 22. c5 Bxc5 23. Bxa6+ Kb8 24. d6 Bxd6 25. Rfc1 Bc5 26. b4
hxg3 27. bxc5 gxf2+ 28. Kf1 Rdh8 29. Qd4 Qg3 30. Qd6+ Qxd6 31. cxd6 g3 32.
Ke2 e5 33. Rab1 Rh6 34. Rd1 Ka7 35. Bb5 Rc8 36. Bxd7 Rc2+ 37. Kd3 Ra2 38. 
Bxf5 Rxd6+ 39. Ke3 Rxa3+ 40. Ke4 Rf6 41. Kxe5 Rf8 42. Rd7+ Ka6 43. Rd6 Re8+
44. Be6 Re3+ 45. Kd5 Re1 46. Rbxb6+ Ka7 1/2-1/2

[Event "SM-gruppen"]
[Site "Skara"]
[Date "2002.07.12"]
[Round "12"]
[White "Berg, Emanuel"]
[Black "Brynell, Stellan"]
[Result "1-0"]
[WhiteElo "2514"]
[BlackElo "2506"]
[Board "6"]
[WhiteCountry "SWE"]
[BlackCountry "SWE"]

1. e4 e6 2. d4 d5 3. Nd2 c5 4. Ngf3 Nc6 5. dxc5 Bxc5 6. Bd3 Nf6 7. Qe2 Nb4
8. O-O Nxd3 9. cxd3 O-O 10. Nb3 Be7 11. Bg5 dxe4 12. dxe4 Bd7 13. Rfd1 Qe8
14. Nbd4 h6 15. Bh4 Nh5 16. Ne5 Bxh4 17. Qxh5 Bf6 18. Nxd7 Qxd7 19. e5 Be7
20. Nf5 Qe8 21. Nxh6+ gxh6 22. Rd3 Kg7 23. Rg3+ Bg5 24. h4 f6 25. exf6+ 
Rxf6 26. Qe2 Rf5 27. hxg5 hxg5 28. Re3 Qb5 29. Rxe6 Qxe2 30. Rxe2 Rc8 31. 
Rd1 Rc7 32. Kh2 Kg6 33. Kg3 Rcf7 34. f3 Rb5 35. Rd4 Ra5 36. b3 Raf5 37. Ra4
b6 38. Rd4 R7f6 39. Rd7 a5 40. Re8 Rc5 41. Kg4 Rf4+ 42. Kh3 Rf6 43. Kg4 
Rf4+ 44. Kg3 Rf6 45. Rg8+ Kh6 46. Kg4 Rf4+ 47. Kh3 Rf6 48. Rgd8 Kg6 49. Rd6
Rf5 50. Rxf6+ Rxf6 51. a4 Kh6 52. Rd5 Kg6 53. Rb5 Kh6 54. Kg4 Rf4+ 55. Kg3
Rf6 56. Kh3 Kg6 57. g3 Rxf3 58. Kg4 Rf6 59. Rxg5+ Kh6 60. Rf5 Rd6 61. Kf4 
Kg6 62. Ke4 Re6+ 63. Re5 Rd6 64. g4 Kf6 65. Rd5 Rc6 66. Rb5 Rd6 67. Rf5+ 
Kg6 68. Ke5 Rc6 69. Kd4 Re6 70. Re5 Rf6 71. Kd5 Rf4 72. Kc6 Rxg4 73. Kxb6 
Kf6 74. Rxa5 Ke6 75. Rb5 Kd7 76. Kb7 Rg7 77. Rb6 1-0

[Event "SM-gruppen"]
[Site "Skara"]
[Date "2002.07.12"]
[Round "12"]
[White "Ernst, Thomas"]
[Black "Ahlander, Björn"]
[Result "1-0"]
[WhiteElo "2471"]
[BlackElo "2419"]
[Board "7"]
[WhiteCountry "SWE"]
[BlackCountry "SWE"]

1. e4 c5 2. Nf3 Nc6 3. d4 cxd4 4. Nxd4 Nf6 5. Nc3 e5 6. Ndb5 d6 7. Bg5 a6 
8. Bxf6 gxf6 9. Na3 b5 10. Nd5 f5 11. Bd3 Be6 12. O-O Bxd5 13. exd5 Ne7 14.
c3 Bg7 15. Qh5 e4 16. Bc2 Qc8 17. Rad1 O-O 18. Bb1 Ng6 19. Nc2 Re8 20. Nd4
Bxd4 21. Rxd4 Ra7 22. f3 Rae7 23. Qg5 Re5 24. f4 R5e7 25. h4 f6 26. Qxf6 
Qd7 27. h5 Nh8 28. g4 Rg7 29. g5 Rf7 30. Qh6 Qe7 31. Rd2 Rg7 32. Qe6+ Nf7 
33. Qxe7 Rxe7 34. Re1 Kf8 35. Kf2 h6 36. g6 Nd8 37. b4 Ra7 38. Bc2 Rgc7 39.
Re3 Ra8 40. Bd1 a5 41. Be2 Rb7 42. Bf1 Kg7 43. Rb2 Rb6 44. Ke1 Kf6 45. Kd1
Nb7 46. Kc2 Nd8 47. a3 Ra7 48. Re1 Rb8 49. Kd2 axb4 50. axb4 Ra3 51. Rc2 
Rb7 52. Ke3 Rb6 53. Be2 Nb7 54. Bf1 Nd8 55. Rec1 Nb7 56. Be2 Ra4 57. Rb2 
Ra3 58. Kd2 Nd8 59. Rcc2 Rba6 60. Bxb5 Rb6 61. Bc4 Ra1 62. Rc1 1-0

[Event "SM-gruppen"]
[Site "Skara"]
[Date "2002.07.13"]
[Round "13"]
[White "Hector, Jonny"]
[Black "Berg, Emanuel"]
[Result "1/2-1/2"]
[WhiteElo "2513"]
[BlackElo "2514"]
[Board "2"]
[WhiteCountry "SWE"]
[BlackCountry "SWE"]

1. e4 e6 2. d4 d5 3. Nc3 Bb4 4. e5 c5 5. Bd2 Ne7 6. a3 Bxc3 7. Bxc3 Nbc6 8.
Nf3 cxd4 9. Nxd4 Nxe5 10. Nxe6 Bxe6 11. Bxe5 Nc6 12. Bg3 1/2-1/2

[Event "SM-gruppen"]
[Site "Skara"]
[Date "2002.07.13"]
[Round "13"]
[White "Barkhagen, Jonas"]
[Black "Åkesson, Ralf"]
[Result "1/2-1/2"]
[WhiteElo "2455"]
[BlackElo "2451"]
[Board "3"]
[WhiteCountry "SWE"]
[BlackCountry "SWE"]

1. d4 Nf6 2. c4 e6 3. Nf3 b6 4. g3 Bb7 5. Bg2 Be7 6. O-O O-O 7. Nc3 Ne4 8.
Bd2 Bf6 9. Rc1 d6 10. Be1 Nd7 11. Qc2 Nxc3 12. Bxc3 c5 13. Rfd1 Qc7 14. Qd2
Rfd8 15. dxc5 dxc5 16. Qe3 Bxc3 1/2-1/2

[Event "SM-gruppen"]
[Site "Skara"]
[Date "2002.07.13"]
[Round "13"]
[White "Hillarp Persson, Tiger"]
[Black "Agrest, Evgenij"]
[Result "0-1"]
[WhiteElo "2460"]
[BlackElo "2584"]
[Board "4"]
[WhiteCountry "SWE"]
[BlackCountry "SWE"]

1. d4 Nf6 2. c4 e6 3. Nc3 Bb4 4. Qc2 d6 5. Nf3 Nbd7 6. g3 c5 7. Bg2 O-O 8.
O-O a6 9. Rd1 Qc7 10. a3 Bxc3 11. Qxc3 Re8 12. b3 b6 13. Bb2 Bb7 14. Rac1 
Rac8 15. b4 cxb4 16. axb4 Qb8 17. Qa3 Rc7 18. Bh3 h6 19. Qa1 Bxf3 20. exf3
Qb7 21. f4 d5 22. c5 b5 23. Rc3 Nh7 24. Re1 Ra8 25. f5 Ng5 26. Bg2 Nf6 27.
fxe6 Nxe6 28. Rce3 Qc6 29. f3 Rf8 30. Bc3 Qa8 31. Qb1 Nd8 32. g4 Nc6 33. 
Qf5 a5 34. bxa5 b4 35. Ba1 Nxa5 36. f4 Nc4 37. R3e2 Ra7 38. g5 hxg5 39. 
fxg5 Ne4 40. Rxe4 g6 41. Qf6 dxe4 42. d5 Rxa1 43. Qxa1 Qxd5 44. Rxe4 b3 45.
Qd4 Qxd4+ 46. Rxd4 b2 47. Rd1 Rc8 48. Be4 Rxc5 49. Kf2 Na3 50. h4 Rc4 0-1